| 000 | 01927 a2200457 4500 | ||
|---|---|---|---|
| 003 | Nust | ||
| 005 | 20170207154050.0 | ||
| 020 | _a978-0-387-30424-3 (e-bk.) | ||
| 040 | _cNust | ||
| 082 | 0 | 4 | _a407 |
| 100 | 1 | _a Nancy H. Hornberger,STEPHEN MAY. | |
| 245 | 0 | 0 |
_aEncyclopedia of language and education Volume 1 (E-Book) _c Nancy H. Hornberger,STEPHEN MAY. _bLANGUAGE POLICY AND POLITICAL ISSUES IN EDUCATION |
| 246 | 3 | _aEncyclopedia of language & education | |
| 246 | 3 | _aLanguage and education | |
| 250 | _a2. ed. | ||
| 256 | _aText | ||
| 260 |
_aNew York : _bSpringer, _cc2008. |
||
| 300 |
_a3881p; _bill. |
||
| 440 | 0 | _aSpringer reference | |
| 505 | 0 | _gSection 1: Social and Policy Contexts,Section 2: Minorities and Education,Section 3: Theory, Pedagogy and Practice,Section 4: Focus on Selected Regions of the World. | |
| 650 | 0 | _aLanguage and education | |
| 651 | _a(E-Book) | ||
| 700 | 1 |
_aHornberger, Nancy H. _4edt |
|
| 710 | 2 | _aSpringerLink (Online service) | |
| 740 | 0 | 2 | _aBilingual education. |
| 740 | 0 | 2 | _aDiscourse and education. |
| 740 | 0 | 2 | _aEcology of language. |
| 740 | 0 | 2 | _aKnowledge about language. |
| 740 | 0 | 2 | _aLanguage policy and political issues in education. |
| 740 | 0 | 2 | _aLanguage socialization. |
| 740 | 0 | 2 | _aLanguage testing and assessment. |
| 740 | 0 | 2 | _aLiteracy. |
| 740 | 0 | 2 | _aResearch methods in language and education. |
| 740 | 0 | 2 | _aSecond and foreign language education. |
| 856 | 4 | 2 | _uhttp://dx.doi.org/10.1007/978-0-387-30424-3 |
| 856 | 4 | 2 | _uhttp://dx.doi.org/10.1007/978-0-387-30424-3 |
| 856 | 4 | 2 | _uhttp://ezproxy.its.uu.se/login?url=http://dx.doi.org/10.1007/978-0-387-30424-3 |
| 856 | 4 | 2 | _uhttp://www.lub.lu.se/cgi-bin/ipchk/http://dx.doi.org/10.1007/978-0-387-30424-3 |
| 856 | 4 | 2 | _uhttps://ep.bib.mdh.se/login?url=http://dx.doi.org/10.1007/978-0-387-30424-3 |
| 856 | 4 | 2 | _uhttps://ep.bib.mdh.se/login?url=http://dx.doi.org/10.1007/978-0-387-30424-3 |
| 942 |
_2ddc _cBK |
||
| 999 |
_c193065 _d193065 |
||